1937 1031 1053 1875 1686 1311 1051 1421 1224 1710 1013 1480 1276 1188 1446 1857 1658 1597 1316 1413 1880 1394 1423 1139 1132 1627 1875 1637 1480 1334 1229 1309 1078 1599 1377 1397 1736 1187 1606 1806 1176 1884 1540 1202 1346 1946 1727 1464 1161 1200 1074 1795 1389 1970 1307 1733 1208 1535 1137 1768 1274 1060 1970 1807 1587 1669 1605 1472 1444 1991 1217 1236 1340 1175 1509 1962 1657 1784 1546 1758 1597 1795 1890 1196 1710 1086 1910 1353 1093 1727 1471 1385 1710 1755 1759 1389 1939 1557 1452 BCNSPRNW ULIB Ver.6.0+V

เปลี่ยนเป็นภาษาไทย

Change to English
 แสดงรายละเอียดบรรณานุกรม
  กลับหน้าหลัก

Brief Record : Get Marc (ISO 2709) : E-mail record : QR code < ปิดหน้าต่าง
LEADER : 00000nam 2200000uu 4500
001    13399112287
003     ULIB
008    110802s2546||||th 000 0 tha d
020    9789748316314
020    9748316319
050  4 HD58.82^bว547ก 2546
100 0  วิจารณ์ พานิช
245 10 การจัดการเครือข่ายวิชาการ /^cวิจารณ์ พานิช
250    พิมพ์ครั้งที่ 1
260    กรุงเทพฯ :^bกองแผนงาน กรมอนามัย กระทรวงสาธารณสุข,^c2546
300    86 หน้า
650  4 การจัดการเครือข่ายวิชาการ
650  7 ความรู้^xการจัดการ
945    ^p30^l0^i015725
945    ^p30^l0^i015727
945    ^p30^l0^i015726
995    ทศพร
999 ^a ทศพร
รายการนี้ยังไม่มีแท็ก
คุณยังไม่ได้ล็อกอิน คุณสามารถมีกิจกรรมร่วมกับเว็บไซต์ได้ แต่ต้องล็อกอินก่อน ::
  ล็อกอิน

รายการสื่อสารสนเทศ

ลำดับที่ ประเภท เลขเรียก/บาร์โค้ด สถานที่ สถานะ
- ไม่พบข้อมูล -

รายการใกล้เคียง
    ผู้แต่ง [วิจารณ์ พานิช]

BibComment


ยังไม่เคยถูกคอมเมนท์

คอมเมนท์ทรัพยากรรายการนี้
  คอมเมนท์: การจัดการเครือข่า..


 Copyright 2026. Bcnsprnw @Library